| 000 | 00478cam a2200181ua 4500 | ||
|---|---|---|---|
| 001 | 5215 | ||
| 008 | 120303n ii |||gr||||Z||||||eng | ||
| 040 | _cMAIN | ||
| 082 | _a782.14 | ||
| 100 |
_aWordsworth, Wiliam, _eAuthor, |
||
| 245 | 1 | 1 |
_aPreface to the Lyrical Ballads _cby William Wordsworth |
| 250 | _a4th. | ||
| 260 |
_aBareilly: _bPrakash book depot, _c1997. |
||
| 300 |
_a215p.: _c23cm. |
||
| 653 | _aVocal music | ||
| 700 |
_aJoshi, Krishna Nand, _eEditor, |
||
| 942 | _cBK | ||
| 999 |
_c4397 _d4397 |
||